000 00305nam a22001337a 4500
008 171019b xxu||||| |||| 00| 0 eng d
020 _a9781574442731
041 _aeng
080 _a338
100 _a53
101 _aMEN
245 _aHANDBOOK OF SUPPLY CHAIN MANAGEMENT
_cAYERS,J,.B
942 _2udc
_cBK
999 _c34909
_d34909